| Tag |
First Indicator |
Second Indicator |
Subfields |
| LEADER |
00000cam a2200000 4500 |
| 001 |
in00000045783 |
| 005 |
20151007075253.0 |
| 008 |
721211s1958 enkabdf b 00000 eng u |
| 010 |
|
|
|a 58014784
|
| 035 |
|
|
|a (OCoLC)00511920
|
| 035 |
|
|
|9 AAF2928AM
|
| 040 |
|
|
|c KSU
|d TXA
|d UtOrBLW
|
| 049 |
|
|
|a TXAM
|c [297235]
|
| 050 |
|
0 |
|a QC992.N9
|b G28
|
| 092 |
|
|
|a 551.5
|b G236c
|
| 100 |
1 |
|
|a Garnier, B. J.
|q (Benjamin John),
|d 1917-
|
| 245 |
1 |
4 |
|a The climate of New Zealand :
|b a geographic survey.
|
| 264 |
|
1 |
|a London :
|b E. Arnold,
|c [1958]
|
| 300 |
|
|
|a 191 pages :
|b plates, maps, charts, tables. ;
|c 29 cm.
|
| 336 |
|
|
|a text
|b txt
|2 rdacontent
|
| 337 |
|
|
|a unmediated
|b n
|2 rdamedia
|
| 338 |
|
|
|a volume
|b nc
|2 rdacarrier
|
| 504 |
|
|
|a Bibliography: pages 179-182.
|
| 651 |
|
0 |
|a New Zealand
|x Climate.
|
| 999 |
|
|
|a MARS
|
| 999 |
f |
f |
|s 1db0c4f5-3a88-3925-8cbb-e2d809dc0f81
|i 49bb4475-a5b5-3ad4-8ac5-6179af7f814e
|t 0
|
| 952 |
f |
f |
|p normal
|a Texas A&M University
|b College Station
|c Sterling C. Evans Library
|d Evans: Library Stacks
|t 0
|e QC992.N9 G28
|h Library of Congress classification
|i unmediated -- volume
|m A14800953454
|
| 998 |
f |
f |
|a QC992.N9 G28
|t 0
|l Evans: Library Stacks
|